| 000 | nam a22 7a 4500 | ||
|---|---|---|---|
| 999 |
_c328718 _d328718 |
||
| 003 | Nust | ||
| 005 | 20170414114523.0 | ||
| 008 | 170414b xxu||||| |||| 00| 0 eng d | ||
| 040 | _c0 | ||
| 082 | _a363.7 PNC | ||
| 245 |
_aThe Pakistan National Conservation Strategy: _bPlan of Action 1993-98 Document for the donors conference 17 January 1993 _cPakistan National Conservation Strategy |
||
| 260 |
_aIslamabad _bPNCS _c1998 |
||
| 300 | _a81p. | ||
| 500 | _aP.B | ||
| 942 |
_2ddc _cBK _k363.7 PNC |
||